| 000 | 00623nam a2200241Ia 4500 | ||
|---|---|---|---|
| 003 | OSt | ||
| 005 | 20221007100727.0 | ||
| 006 | a|||||r|||| 00| 0 | ||
| 007 | ta | ||
| 008 | 221006b |||||||| |||| 00| 0 eng d | ||
| 024 | _a5,000 | ||
| 037 | _cTextual | ||
| 040 |
_aLCO _cLCO _beng |
||
| 041 |
_2eng _aeng |
||
| 082 | _aV2:2:(Z), L0 | ||
| 100 | _aSUBBARAO K | ||
| 245 | 0 | _aSome Constitutional Problems | |
| 260 |
_aBombay _bUniversity of Bombay _c1970 |
||
| 300 | _a318 | ||
| 650 |
_aCONSTITUTIONAL PROBLEMS _9702041 |
||
| 942 |
_hV2:2:(Z), L0 _cTEXL |
||
| 999 |
_c1174563 _d1174563 |
||